000 00923nam a22002897a 4500
003 CHAP
005 20220329141632.0
008 971013s1971 r 00010 d
010 _a71412
011 _a72384
035 _a81939
040 _cCHAP
090 _aFolleto 7907
100 0 0 _aGallegos Barquín, César Carlos.
_944390
245 _aCómo cultivar girasol
260 _aMéxico, D.F. :
_bInstituto Nacional de Investigaciones Agrícola,
_c1971
300 _a3 p.
500 _aPonencia presentada en : Reunión Informativa del proyecto Durango. Durango, 1971
590 _aBATCH-UPD
_b10
_c20130110
_lUCH01
_h2215
590 _aBATCH-UPD
_b10
_c20130410
_lUCH01
_h1516
590 _aBATCH-UPD
_b10
_c20130914
_lUCH01
_h1544
590 _aCONVERSION
_b10
_c20130109
_lUCH01
_h1339
650 1 4 _aGirasol.
_948126
901 _aBK
942 _cFOLL
949 _aFolleto 7907
_bBC
_cFOLL
_d-35659
_eTS1
_i81939
_mD
_si
999 _c71412
_d71412